| 000 | 00978mc a2200313a 44500 | ||
|---|---|---|---|
| 001 | NM030164 | ||
| 003 | RG CODE MARC | ||
| 008 | 55020simpr ||||||||||||||000 | spa|| | ||
| 005 | 20251028183344.0 | ||
| 020 | _a987-1093-49-7 | ||
| 040 | _aORG CODE MARC | ||
| 100 |
_aSchopenhauer, Arthur _d1788-1860 _940997 |
||
| 245 |
_aEl amor, las mujeres y la muerte _cArthur Schopenhauer |
||
| 260 |
_aBuenos Aires _bGradifco |
||
| 300 |
_a127 p. _b19 cm. |
||
| 490 | _aPensadores universales | ||
| 500 | _aEstudio preliminar y traducción por: Sergio Albano | ||
| 505 | _tEl amor | ||
| 505 | _tLas mujeres | ||
| 505 | _tLa muerte | ||
| 505 | _tDolores del mundo | ||
| 505 | _tEl arte | ||
| 505 | _tLa moral - I. El egoísmo - II. La conmiseración - III. Resignación, renunciamiento, ascetismo y liberación | ||
| 505 | _tLa religión | ||
| 505 | _tLa política | ||
| 505 | _tEl hombre y la sociedad | ||
| 505 | _tCarácter de los diferentes pueblos | ||
| 942 | _cBK | ||
| 999 |
_c29471 _d29471 |
||